[Event "CHN-chT (Women)"]
[Site "Hangzhou"]
[Date "2023.05.27"]
[Round "9.2"]
[White "Ning, Duan"]
[Black "Kuang, Yinghui"]
[Result "0-1"]
[WhiteElo "1498"]
[BlackElo "2191"]
[PlyCount "66"]
[EventDate "2023.05.19"]
[EventType "team-swiss"]
[EventRounds "9"]
[EventCountry "CHN"]
[SourceTitle "CBM 214 Extra"]
[Source "ChessBase"]
[SourceDate "2023.07.31"]
[SourceVersion "1"]
[SourceVersionDate "2023.07.31"]
[SourceQuality "1"]
[WhiteTeam "Guangdong (W)"]
[BlackTeam "Shenzhen (W)"]
[WhiteTeamCountry "CHN"]
[BlackTeamCountry "CHN"]

1. d4 f5 2. Nf3 Nf6 3. Bf4 e6 4. e3 Be7 5. h3 b6 6. Be2 Bb7 7. 0-0 0-0 8. c4 Ne4 9. Nbd2 Bf6 10. Rc1 d6 11. Nxe4 fxe4 12. Nd2 Bxd4 13. Qc2 Nd7 14. Nxe4 Bf6 15. Nxf6+ Nxf6 16. Bd3 e5 17. Bg5 e4 18. Be2 Qe8 19. b4 a5 20. a3 Nd7 21. Qb3 Qf7 22. Bg4 Ne5 23. Be2 Nf3+ 24. gxf3 exf3 25. Bd3 Qh5 26. Rfd1 Qxh3 27. Bf1 Qg4+ 28. Kh2 Qh5+ 29. Bh3 Bc8 30. c5+ Kh8 31. Bh4 Qxh4 32. Kg1 Qxh3 33. cxd6 Qg2# 0-1

[Event "CHN-chT (Women)"]
[Site "Hangzhou"]
[Date "2023.05.23"]
[Round "5.2"]
[White "Li, Yunshan"]
[Black "Kuang, Yinghui"]
[Result "1-0"]
[WhiteElo "2294"]
[BlackElo "2191"]
[PlyCount "75"]
[EventDate "2023.05.19"]
[EventType "team-swiss"]
[EventRounds "9"]
[EventCountry "CHN"]
[SourceTitle "CBM 214 Extra"]
[Source "ChessBase"]
[SourceDate "2023.07.31"]
[SourceVersion "1"]
[SourceVersionDate "2023.07.31"]
[SourceQuality "1"]
[WhiteTeam "Beijing (W)"]
[BlackTeam "Shenzhen (W)"]
[WhiteTeamCountry "CHN"]
[BlackTeamCountry "CHN"]

1. d4 Nf6 2. c4 e6 3. g3 Bb4+ 4. Nd2 0-0 5. Bg2 d5 6. Ngf3 dxc4 7. 0-0 c3 8. bxc3 Bxc3 9. Rb1 Nc6 10. e3 Bxd2 11. Qxd2 Re8 12. Rd1 a5 13. Ba3 Ra6 14. Qc2 Nb4 15. Bxb4 axb4 16. Rxb4 Qd6 17. Rc4 b5 18. Rc5 Bb7 19. Ne5 Bxg2 20. Kxg2 Nd7 21. Nxd7 Qxd7 22. Rxc7 Qd5+ 23. e4 Qa8 24. Rd2 Ra7 25. Rxa7 Qxa7 26. d5 exd5 27. exd5 Qd7 28. d6 g6 29. Qc7 Rd8 30. Qxd7 Rxd7 31. Kf3 f5 32. Kf4 Kf7 33. Ke5 Ke8 34. Ke6 Kd8 35. Rb2 Rb7 36. Rb4 Kc8 37. a4 Ra7 38. Rxb5 1-0

[Event "CHN-chT (Women)"]
[Site "Hangzhou"]
[Date "2023.05.21"]
[Round "3.2"]
[White "Kuang, Yinghui"]
[Black "Yuan, Ye"]
[Result "1/2-1/2"]
[WhiteElo "2191"]
[BlackElo "2171"]
[PlyCount "77"]
[EventDate "2023.05.19"]
[EventType "team-swiss"]
[EventRounds "9"]
[EventCountry "CHN"]
[SourceTitle "CBM 214 Extra"]
[Source "ChessBase"]
[SourceDate "2023.07.31"]
[SourceVersion "1"]
[SourceVersionDate "2023.07.31"]
[SourceQuality "1"]
[WhiteTeam "Shenzhen (W)"]
[BlackTeam "Jiangsu (W)"]
[WhiteTeamCountry "CHN"]
[BlackTeamCountry "CHN"]

1. e4 c5 2. Nf3 e6 3. g3 Nc6 4. Bg2 Nf6 5. Qe2 e5 6. Nc3 d6 7. h3 h6 8. d3 Be6 9. Nd1 g6 10. Ne3 Nd4 11. Qd1 Bg7 12. c3 Nc6 13. c4 0-0 14. 0-0 Nd4 15. Nd5 Nxd5 16. cxd5 Nxf3+ 17. Qxf3 Bc8 18. Qe2 f5 19. f4 exf4 20. gxf4 Re8 21. Be3 c4 22. dxc4 fxe4 23. Rad1 Bf5 24. Qf2 Qc8 25. Rc1 Bxh3 26. c5 dxc5 27. Rxc5 Qg4 28. Kh2 Bxg2 29. Qxg2 Qxg2+ 30. Kxg2 Rad8 31. Rd1 Rd7 32. b3 Red8 33. Rc4 Rxd5 34. Rxd5 Rxd5 35. Rc8+ Kh7 36. Rc7 g5 37. fxg5 hxg5 38. Rxb7 a5 39. Re7 1/2-1/2

[Event "CHN-chT (Women)"]
[Site "Daqing"]
[Date "2019.06.19"]
[Round "1.6"]
[White "Zhai, Mo"]
[Black "Kuang, Yinghui"]
[Result "1-0"]
[WhiteElo "2358"]
[BlackElo "2200"]
[PlyCount "77"]
[EventDate "2019.06.19"]
[EventType "team-swiss"]
[EventRounds "9"]
[EventCountry "CHN"]
[SourceTitle "CBM 191 Extra"]
[Source "ChessBase"]
[SourceDate "2019.09.30"]
[SourceVersion "1"]
[SourceVersionDate "2019.09.30"]
[SourceQuality "1"]
[WhiteTeam "Hebei (W)"]
[BlackTeam "Shenzhen (W)"]
[WhiteTeamCountry "CHN"]
[BlackTeamCountry "CHN"]

1. d4 Nf6 2. c4 e6 3. Nf3 b6 4. g3 Bb7 5. Bg2 Bb4+ 6. Bd2 Be7 7. 0-0 0-0 8. Qc2 d6 9. Nc3 c5 10. d5 e5 11. e4 Na6 12. Ne1 Nc7 13. Nd3 Ba6 14. b3 b5 15. Nd1 Nd7 16. Rb1 Rb8 17. Ne3 Ne8 18. b4 Bg5 19. f4 exf4 20. gxf4 Bf6 21. bxc5 bxc4 22. Nxc4 Bd4+ 23. Kh1 Rxb1 24. Rxb1 Nxc5 25. Nb4 Qh4 26. Nxa6 Nxa6 27. Qd3 Bf2 28. Qf3 f5 29. Rf1 Bc5 30. e5 dxe5 31. Nxe5 Qd8 32. d6 Nxd6 33. Qd5+ Kh8 34. Rf3 Rf6 35. Bf1 Nc7 36. Qxc5 Ne4 37. Qc2 Nxd2 38. Rd3 Qa8+ 39. Bg2 1-0

[Event "CHN-chT (Women)"]
[Site "Hangzhou"]
[Date "2018.06.24"]
[Round "8.4"]
[White "Dong, Jingyan"]
[Black "Kuang, Yinghui"]
[Result "1/2-1/2"]
[WhiteElo "1680"]
[BlackElo "2220"]
[PlyCount "59"]
[EventDate "2018.06.19"]
[EventType "team-swiss"]
[EventRounds "9"]
[EventCountry "CHN"]
[SourceTitle "CBM 185 Extra"]
[Source "ChessBase"]
[SourceDate "2018.07.29"]
[SourceVersion "1"]
[SourceVersionDate "2018.07.29"]
[SourceQuality "1"]
[WhiteTeam "Shandong (W)"]
[BlackTeam "Shenzhen (W)"]
[WhiteTeamCountry "CHN"]
[BlackTeamCountry "CHN"]

1. e4 e5 2. Nf3 Nc6 3. Bb5 a6 4. Bxc6 dxc6 5. 0-0 Qd6 6. d4 exd4 7. Qxd4 Qxd4 8. Nxd4 Bd7 9. Be3 0-0-0 10. Nc3 Nf6 11. f3 c5 12. Nb3 c4 13. Nd4 Bb4 14. Nde2 Be6 15. Rfd1 h6 16. a3 Ba5 17. Kf2 Rhe8 18. h3 Nd7 19. Bd4 f6 20. g4 Bf7 21. Be3 h5 22. Nd5 hxg4 23. hxg4 c6 24. Ndc3 Ne5 25. Nd4 g6 26. Nde2 Be6 27. Nf4 Bf7 28. Nfe2 Be6 29. Nf4 Bf7 30. Nfe2 1/2-1/2

[Event "CHN-chT (Women)"]
[Site "Hangzhou"]
[Date "2018.06.23"]
[Round "7.4"]
[White "Kuang, Yinghui"]
[Black "Nie, Xin"]
[Result "1-0"]
[WhiteElo "2220"]
[BlackElo "2233"]
[PlyCount "61"]
[EventDate "2018.06.19"]
[EventType "team-swiss"]
[EventRounds "9"]
[EventCountry "CHN"]
[SourceTitle "CBM 185 Extra"]
[Source "ChessBase"]
[SourceDate "2018.07.29"]
[SourceVersion "1"]
[SourceVersionDate "2018.07.29"]
[SourceQuality "1"]
[WhiteTeam "Shenzhen (W)"]
[BlackTeam "Chengdu (W)"]
[WhiteTeamCountry "CHN"]
[BlackTeamCountry "CHN"]

1. e4 e5 2. Nf3 Nc6 3. Bc4 Bc5 4. 0-0 Nf6 5. d3 d6 6. Be3 Bb6 7. a3 0-0 8. Nbd2 Ne7 9. Bg5 Ng6 10. Nh4 Nxh4 11. Bxh4 h6 12. Kh1 g5 13. Bg3 c6 14. Bb3 h5 15. h4 g4 16. Qe1 Kg7 17. c3 Ng8 18. f4 f6 19. Nc4 Bc5 20. fxe5 dxe5 21. d4 exd4 22. e5 b5 23. exf6+ Nxf6 24. Ne5 Qe8 25. Bc2 Be6 26. Qd2 Nh7 27. Rxf8 Bxf8 28. Qxd4 Rd8 29. Nd7+ Kf7 30. Rf1+ Kg8 31. Bxh7+ 1-0

[Event "CHN-chT (Women)"]
[Site "Hangzhou"]
[Date "2018.06.22"]
[Round "5.3"]
[White "Kuang, Yinghui"]
[Black "Zhao, Shengxin"]
[Result "1-0"]
[WhiteElo "2220"]
[BlackElo "2149"]
[PlyCount "103"]
[EventDate "2018.06.19"]
[EventType "team-swiss"]
[EventRounds "9"]
[EventCountry "CHN"]
[SourceTitle "CBM 185 Extra"]
[Source "ChessBase"]
[SourceDate "2018.07.29"]
[SourceVersion "1"]
[SourceVersionDate "2018.07.29"]
[SourceQuality "1"]
[WhiteTeam "Shenzhen (W)"]
[BlackTeam "Hangzhou (W)"]
[WhiteTeamCountry "CHN"]
[BlackTeamCountry "CHN"]

1. e4 c5 2. Nf3 d6 3. g3 Nf6 4. c3 e5 5. Bg2 Be7 6. 0-0 0-0 7. Re1 b5 8. d4 Nbd7 9. a4 bxa4 10. dxe5 dxe5 11. Qxa4 Bb7 12. Na3 Qc7 13. Bg5 Nb6 14. Qc2 c4 15. Nd2 Ba6 16. Nf1 h6 17. Bxf6 Bxf6 18. Ne3 Qc5 19. Nd5 Nxd5 20. exd5 Rad8 21. Qa4 Rd6 22. Nc2 Bb7 23. Qxa7 Qxa7 24. Rxa7 Bxd5 25. Rd1 e4 26. Ne3 Rfd8 27. Nxd5 Rxd5 28. Rxd5 Rxd5 29. Ra8+ Bd8 30. Bxe4 Rd2 31. Kf1 g5 32. Ke1 Rd6 33. Rc8 Kg7 34. Rxc4 Bf6 35. Ke2 h5 36. b4 Ra6 37. Kd2 g4 38. b5 Rd6+ 39. Ke2 Be5 40. Rc5 Kf6 41. Bc6 h4 42. b6 hxg3 43. hxg3 Rd8 44. b7 Rb8 45. Be4 Ke6 46. Kd3 f5 47. Bd5+ Kd6 48. Kc4 f4 49. gxf4 Bxf4 50. Rc6+ Ke5 51. Rc8 Kf5 52. Kb5 1-0

[Event "CHN-chT (Women)"]
[Site "Hangzhou"]
[Date "2018.06.21"]
[Round "4.4"]
[White "Liu, Manli"]
[Black "Kuang, Yinghui"]
[Result "1/2-1/2"]
[WhiteElo "2158"]
[BlackElo "2220"]
[PlyCount "61"]
[EventDate "2018.06.19"]
[EventType "team-swiss"]
[EventRounds "9"]
[EventCountry "CHN"]
[SourceTitle "CBM 185 Extra"]
[Source "ChessBase"]
[SourceDate "2018.07.29"]
[SourceVersion "1"]
[SourceVersionDate "2018.07.29"]
[SourceQuality "1"]
[WhiteTeam "Guangdong (W)"]
[BlackTeam "Shenzhen (W)"]
[WhiteTeamCountry "CHN"]
[BlackTeamCountry "CHN"]

1. e4 e5 2. Nf3 Nc6 3. Bb5 a6 4. Ba4 Nf6 5. d3 b5 6. Bb3 Be7 7. c3 d6 8. Nbd2 0-0 9. Nf1 Na5 10. Bc2 c5 11. Ng3 Nc6 12. 0-0 Qc7 13. h3 b4 14. Bd2 Rb8 15. Rb1 bxc3 16. bxc3 Be6 17. Bb3 Nd7 18. Bxe6 fxe6 19. Qc2 Rxb1 20. Rxb1 Rb8 21. Rxb8+ Qxb8 22. Ne2 h6 23. Ne1 Bd8 24. f4 exf4 25. Nxf4 Nf8 26. Nf3 Bc7 27. Qc1 Qe8 28. Qb2 Qb8 29. Qc1 Qe8 30. Qb2 Qb8 31. Qc1 1/2-1/2

[Event "CHN-chT (Women)"]
[Site "Hangzhou"]
[Date "2018.06.20"]
[Round "3.1"]
[White "Kuang, Yinghui"]
[Black "Guo, Qi"]
[Result "0-1"]
[WhiteElo "2220"]
[BlackElo "2359"]
[PlyCount "102"]
[EventDate "2018.06.19"]
[EventType "team-swiss"]
[EventRounds "9"]
[EventCountry "CHN"]
[SourceTitle "CBM 185 Extra"]
[Source "ChessBase"]
[SourceDate "2018.07.29"]
[SourceVersion "1"]
[SourceVersionDate "2018.07.29"]
[SourceQuality "1"]
[WhiteTeam "Shenzhen (W)"]
[BlackTeam "Jiangsu (W)"]
[WhiteTeamCountry "CHN"]
[BlackTeamCountry "CHN"]

1. e4 e5 2. Nf3 Nc6 3. Bc4 Bc5 4. 0-0 Nf6 5. d3 a6 6. Be3 Bxe3 7. fxe3 d6 8. Qe1 0-0 9. Nh4 Be6 10. Nd2 Na5 11. Bb3 Nxb3 12. axb3 Kh8 13. c4 Ng8 14. d4 c5 15. d5 Bc8 16. Nhf3 Rb8 17. Qc1 a5 18. Nb1 Bd7 19. Qd2 b6 20. Nc3 g6 21. Qf2 f5 22. exf5 gxf5 23. Qg3 Qe8 24. Qh4 Qe7 25. Qxe7 Nxe7 26. Ng5 Kg7 27. Nb5 Bxb5 28. Ne6+ Kf6 29. Nxf8 Rxf8 30. cxb5 Nxd5 31. Rf3 Ke6 32. Rh3 Nf6 33. Rf1 Rg8 34. Rhf3 Rg5 35. h4 Rh5 36. g3 Ne4 37. Kg2 Nd2 38. g4 Nxf3 39. gxh5 e4 40. Kg3 Ke5 41. b4 axb4 42. Ra1 d5 43. Ra6 d4 44. exd4+ cxd4 45. Rxb6 d3 46. Kf2 Kf4 47. Re6 d2 48. Rd6 Ke5 49. Rd8 Nd4 50. Rxd4 Kxd4 51. Ke2 Kc5 0-1

[Event "CHN-ch blitz (Women)"]
[Site "Shenzhen"]
[Date "2017.12.09"]
[Round "7"]
[White "Kuang, Yinghui"]
[Black "Zhai, Mo"]
[Result "0-1"]
[WhiteElo "2220"]
[BlackElo "2302"]
[PlyCount "64"]
[EventDate "2017.12.08"]
[EventType "swiss (blitz)"]
[EventRounds "9"]
[EventCountry "CHN"]
[SourceTitle "CBM 182 Extra"]
[Source "ChessBase"]
[SourceDate "2018.02.23"]
[SourceVersion "1"]
[SourceVersionDate "2018.02.23"]
[SourceQuality "1"]

1. e4 c5 2. d3 Nc6 3. g3 g6 4. Bg2 Bg7 5. Nf3 e6 6. 0-0 Nge7 7. c3 d5 8. Nbd2 0-0 9. Re1 Qc7 10. Nf1 b5 11. Bf4 e5 12. exd5 exf4 13. dxc6 fxg3 14. Nxg3 Nxc6 15. Ne4 Ne5 16. Nxe5 Bxe5 17. Nf6+ Bxf6 18. Bxa8 Be5 19. Qf3 Bxh2+ 20. Kh1 Be5 21. Bd5 Bf5 22. d4 cxd4 23. cxd4 Bxd4 24. Rac1 Qd8 25. Rcd1 Qh4+ 26. Kg2 Bxb2 27. Rh1 Qf6 28. Kf1 Kg7 29. Qb3 Bd4 30. Qf3 Rc8 31. Bb3 Rc3 32. Qg2 Be4 0-1

[Event "CHN-ch blitz (Women)"]
[Site "Shenzhen"]
[Date "2017.12.09"]
[Round "8"]
[White "Zhu, Jiner"]
[Black "Kuang, Yinghui"]
[Result "0-1"]
[WhiteElo "2324"]
[BlackElo "2220"]
[PlyCount "84"]
[EventDate "2017.12.08"]
[EventType "swiss (blitz)"]
[EventRounds "9"]
[EventCountry "CHN"]
[SourceTitle "CBM 182 Extra"]
[Source "ChessBase"]
[SourceDate "2018.02.23"]
[SourceVersion "1"]
[SourceVersionDate "2018.02.23"]
[SourceQuality "1"]

1. e4 d6 2. d4 Nf6 3. Nc3 g6 4. Nf3 Bg7 5. Be2 0-0 6. 0-0 c6 7. a4 Nbd7 8. Be3 e5 9. h3 exd4 10. Bxd4 Re8 11. Bd3 Ne5 12. Nxe5 dxe5 13. Be3 Be6 14. a5 Qe7 15. Na4 Red8 16. Qe2 Nd7 17. Rfd1 f5 18. exf5 gxf5 19. Bc4 Kh8 20. Bxe6 Qxe6 21. c3 Qg6 22. f3 Nf6 23. Nc5 Nd5 24. Nxb7 Rdb8 25. a6 Rg8 26. Kh1 Bf6 27. Bd2 e4 28. c4 Nb6 29. fxe4 fxe4 30. Rf1 Bxb2 31. Rab1 Bg7 32. Rf2 e3 33. Rff1 exd2 34. Qxd2 Nxc4 35. Qe2 Na3 36. Rb3 Nb5 37. Re3 Raf8 38. Re1 Nd4 39. Qg4 Nc2 40. Qxg6 hxg6 41. Re4 Nxe1 42. Rh4+ Bh6 0-1

[Event "CHN-ch blitz (Women)"]
[Site "Shenzhen"]
[Date "2017.12.08"]
[Round "5"]
[White "Kuang, Yinghui"]
[Black "Hong, Xing"]
[Result "1-0"]
[WhiteElo "2220"]
[BlackElo "2017"]
[PlyCount "52"]
[EventDate "2017.12.08"]
[EventType "swiss (blitz)"]
[EventRounds "9"]
[EventCountry "CHN"]
[SourceTitle "CBM 182 Extra"]
[Source "ChessBase"]
[SourceDate "2018.02.23"]
[SourceVersion "1"]
[SourceVersionDate "2018.02.23"]
[SourceQuality "1"]

1. e4 c5 2. d3 e6 3. g3 d5 4. Nd2 Nf6 5. Bg2 Nc6 6. Ngf3 dxe4 7. dxe4 Be7 8. 0-0 0-0 9. c3 b6 10. Qe2 Bb7 11. Re1 Qc7 12. Nf1 Rfd8 13. h3 a5 14. g4 Bf8 15. Qe3 c4 16. Qf4 Qxf4 17. Bxf4 Rac8 18. Rad1 b5 19. Nd4 b4 20. Nxc6 Bxc6 21. Nd2 Bb7 22. Bg5 h6 23. Bxf6 gxf6 24. Bf1 Ba6 25. Nf3 Kg7 26. e5 bxc3 1-0

[Event "CHN-ch rapid (Women)"]
[Site "Shenzhen"]
[Date "2017.12.08"]
[Round "8"]
[White "Kuang, Yinghui"]
[Black "Zhang, Xiaowen"]
[Result "1-0"]
[WhiteElo "2220"]
[BlackElo "2332"]
[PlyCount "83"]
[EventDate "2017.12.07"]
[EventType "swiss (rapid)"]
[EventRounds "9"]
[EventCountry "CHN"]
[SourceTitle "CBM 182 Extra"]
[Source "ChessBase"]
[SourceDate "2018.02.23"]
[SourceVersion "1"]
[SourceVersionDate "2018.02.23"]
[SourceQuality "1"]

1. e4 e5 2. Bc4 Nf6 3. d3 c6 4. Nf3 d5 5. exd5 cxd5 6. Bb5+ Bd7 7. Bxd7+ Nbxd7 8. 0-0 Bd6 9. Re1 0-0 10. Nc3 h6 11. Nh4 Re8 12. Nf5 Bf8 13. Qf3 Qa5 14. Bd2 Qc5 15. Rac1 Kh7 16. Qh3 Re6 17. Ne2 Rae8 18. c4 d4 19. Neg3 Qc6 20. Ne4 Nxe4 21. dxe4 Rg6 22. b4 a5 23. a3 axb4 24. axb4 Ra8 25. Qd3 Ra4 26. Qb3 Qa6 27. c5 Rf6 28. b5 Qa8 29. Qd5 Qe8 30. Qb3 Qa8 31. c6 bxc6 32. bxc6 Nc5 33. Qd5 Rxc6 34. Qxf7 Rf6 35. Qh5 Nd3 36. Bg5 Rc6 37. Bxh6 Kg8 38. Bxg7 Bxg7 39. Rxc6 Nxe1 40. Ne7+ Kf8 41. Qf5+ Kxe7 42. Rc7+ 1-0

[Event "CHN-ch blitz (Women)"]
[Site "Shenzhen"]
[Date "2017.12.08"]
[Round "6"]
[White "Xu, Huahua"]
[Black "Kuang, Yinghui"]
[Result "0-1"]
[WhiteElo "2222"]
[BlackElo "2220"]
[PlyCount "76"]
[EventDate "2017.12.08"]
[EventType "swiss (blitz)"]
[EventRounds "9"]
[EventCountry "CHN"]
[SourceTitle "CBM 182 Extra"]
[Source "ChessBase"]
[SourceDate "2018.02.23"]
[SourceVersion "1"]
[SourceVersionDate "2018.02.23"]
[SourceQuality "1"]

1. e4 d6 2. d4 g6 3. Nc3 Bg7 4. Bg5 h6 5. Be3 Nf6 6. Qd2 Ng4 7. Nf3 Nxe3 8. fxe3 c6 9. Bc4 b5 10. Bd3 0-0 11. 0-0 b4 12. Ne2 c5 13. c3 bxc3 14. bxc3 Nd7 15. Rab1 Nb6 16. Ng3 e5 17. d5 c4 18. Bc2 Bd7 19. Qe2 Rc8 20. Nd2 Rc5 21. Rb4 Qc8 22. Rfb1 Qa6 23. a4 Rfc8 24. Qd1 Ra5 25. Ra1 Be8 26. Ne2 h5 27. Nc1 Bh6 28. Qe2 Nxa4 29. Bxa4 Bxa4 30. Rab1 Bc2 31. R1b2 Bd3 32. Nxd3 cxd3 33. Qf2 Ra1+ 34. Nb1 Rxc3 35. Rb8+ Rc8 36. Rxc8+ Qxc8 37. Qd2 Qc5 38. Qxd3 Qc1+ 0-1

[Event "CHN-ch rapid (Women)"]
[Site "Shenzhen"]
[Date "2017.12.07"]
[Round "2"]
[White "Kuang, Yinghui"]
[Black "Zhu, Jiner"]
[Result "1/2-1/2"]
[WhiteElo "2220"]
[BlackElo "2324"]
[PlyCount "54"]
[EventDate "2017.12.07"]
[EventType "swiss (rapid)"]
[EventRounds "9"]
[EventCountry "CHN"]
[SourceTitle "CBM 182 Extra"]
[Source "ChessBase"]
[SourceDate "2018.02.23"]
[SourceVersion "1"]
[SourceVersionDate "2018.02.23"]
[SourceQuality "1"]

1. e4 c5 2. d3 e6 3. g3 Nc6 4. Bg2 g6 5. Ne2 Bg7 6. 0-0 Nge7 7. c3 d5 8. Nd2 0-0 9. f4 dxe4 10. dxe4 e5 11. Nf3 Qc7 12. fxe5 Nxe5 13. Nxe5 Qxe5 14. Bf4 Qe6 15. Qd6 Qc4 16. Qxe7 Qxe2 17. Rf2 Qc4 18. Bf1 Qe6 19. Qxc5 Qxe4 20. Bg2 Qd3 21. Qc7 Qd8 22. Re1 Qxc7 23. Bxc7 a5 24. Bd6 Rd8 25. Bc7 Rf8 26. Bd6 Rd8 27. Bc7 Rf8 1/2-1/2

[Event "CHN-ch rapid (Women)"]
[Site "Shenzhen"]
[Date "2017.12.07"]
[Round "5"]
[White "Li, Xueyi"]
[Black "Kuang, Yinghui"]
[Result "0-1"]
[WhiteElo "2190"]
[BlackElo "2220"]
[PlyCount "82"]
[EventDate "2017.12.07"]
[EventType "swiss (rapid)"]
[EventRounds "9"]
[EventCountry "CHN"]
[SourceTitle "CBM 182 Extra"]
[Source "ChessBase"]
[SourceDate "2018.02.23"]
[SourceVersion "1"]
[SourceVersionDate "2018.02.23"]
[SourceQuality "1"]

1. d4 Nf6 2. c4 e6 3. g3 d5 4. Bg2 Be7 5. Nf3 0-0 6. 0-0 c6 7. b3 Nbd7 8. Bb2 Ne4 9. Nc3 f5 10. Nd2 Ndf6 11. e3 Bd7 12. f3 Nxd2 13. Qxd2 b5 14. cxb5 cxb5 15. Ne2 Bd6 16. Nc1 b4 17. Nd3 Qb6 18. Rfc1 Rfc8 19. Ne5 Bb5 20. Rxc8+ Rxc8 21. Rc1 Rxc1+ 22. Qxc1 Qa6 23. Qc2 Nd7 24. Nxd7 Bxd7 25. Bf1 Qxa2 26. Bd3 Qa5 27. e4 Qc7 28. Qe2 g6 29. g4 fxe4 30. fxe4 Bf4 31. Bb5 Bxh2+ 32. Kh1 Bd6 33. e5 Be7 34. Bxd7 Qxd7 35. Qc2 Bd8 36. Qc5 Qf7 37. Qc8 Qe7 38. Kg2 Kf7 39. Kf3 Qh4 40. Qd7+ Be7 41. Bc1 Qh1+ 0-1

[Event "CHN Team (Women)"]
[Site "Beijing"]
[Date "2017.06.06"]
[Round "1.5"]
[White "Ning, Kaiyu"]
[Black "Kuang, Yinghui"]
[Result "1-0"]
[WhiteElo "2078"]
[BlackElo "2213"]
[PlyCount "131"]
[EventDate "2017.06.06"]
[EventType "team-swiss"]
[EventRounds "9"]
[EventCountry "CHN"]
[SourceTitle "CBM 178 Extra"]
[Source "ChessBase"]
[SourceDate "2017.06.22"]
[SourceVersion "1"]
[SourceVersionDate "2017.06.22"]
[SourceQuality "1"]
[WhiteTeam "Shandong (W)"]
[BlackTeam "Shenzhen (W)"]
[WhiteTeamCountry "CHN"]
[BlackTeamCountry "CHN"]

1. d4 d6 2. Nf3 g6 3. c4 Bg7 4. Nc3 Nc6 5. g3 Bg4 6. d5 Bxf3 7. exf3 Ne5 8. f4 Nd7 9. Bg2 Ngf6 10. 0-0 0-0 11. Qc2 a5 12. a3 Nb6 13. Qd3 Nfd7 14. Be3 a4 15. Rab1 Ra5 16. Ne4 Nc5 17. Nxc5 dxc5 18. Bd2 Ra7 19. Bc3 Nc8 20. Bxg7 Kxg7 21. f5 Nd6 22. fxg6 hxg6 23. Bh3 c6 24. dxc6 bxc6 25. Qe3 Qa5 26. Rfc1 Rb8 27. Bg2 Rc7 28. g4 Rb3 29. Qe5+ f6 30. Qe6 Qd2 31. Rd1 Qf4 32. h4 Qe5 33. Qxe5 fxe5 34. Rdc1 e4 35. Re1 Nxc4 36. Bxe4 Nxb2 37. Bc2 Rbb7 38. Re6 c4 39. Rxg6+ Kf7 40. h5 c3 41. Bf5 e5 42. h6 Kf8 43. Rf6+ Rf7 44. h7 Kg7 45. Rxc6 Rbc7 46. Rd6 Rf8 47. Bc2 Nc4 48. Rg6+ Kh8 49. Rd1 Rxh7 50. Rc6 Na5 51. Rxc3 Rh4 52. f3 Rf4 53. Re1 Nc4 54. Bxa4 Rh6 55. Rec1 Nd2 56. Rc8+ Kg7 57. R1c7+ Rf7 58. Rxf7+ Kxf7 59. Bc6 Rd6 60. a4 Rd3 61. Kf2 Ra3 62. Ra8 Kf6 63. a5 Nc4 64. a6 Ra2+ 65. Kg3 Ne3 66. Bb5 1-0

[Event "CHN-ch (Women)"]
[Site "Xinghua"]
[Date "2013.04.26"]
[Round "10"]
[White "Kuang, Yinghui"]
[Black "Ren, Xiao Yi"]
[Result "1/2-1/2"]
[WhiteElo "2212"]
[BlackElo "2212"]
[PlyCount "61"]
[EventDate "2013.04.16"]
[EventType "tourn"]
[EventRounds "11"]
[EventCountry "CHN"]
[EventCategory "3"]
[SourceTitle "CBM 154 Extra"]
[Source "ChessBase"]
[SourceDate "2013.06.25"]
[SourceVersion "2"]
[SourceVersionDate "2013.06.25"]
[SourceQuality "1"]

1. e4 e5 2. Nf3 Nc6 3. Bb5 a6 4. Ba4 Nf6 5. d3 b5 6. Bb3 Be7 7. 0-0 d6 8. a4 Rb8 9. axb5 axb5 10. Nc3 Bg4 11. Be3 0-0 12. h3 Be6 13. Nd2 Bxb3 14. Nxb3 d5 15. Bg5 Nb4 16. exd5 Nfxd5 17. Bxe7 Qxe7 18. Nxd5 Nxd5 19. Qf3 Qd6 20. d4 Rfe8 21. dxe5 Qxe5 22. c3 Nf4 23. Nd4 Ne2+ 24. Nxe2 Qxe2 25. Qxe2 Rxe2 26. Ra7 c5 27. Rd1 Rxb2 28. Rd5 g6 29. Rxc5 Rd8 30. Rb7 Rd1+ 31. Kh2 1/2-1/2

[Event "CHN-ch (Women)"]
[Site "Xinghua"]
[Date "2013.04.25"]
[Round "9"]
[White "Ni, Shiqun"]
[Black "Kuang, Yinghui"]
[Result "1/2-1/2"]
[WhiteElo "2213"]
[BlackElo "2212"]
[PlyCount "66"]
[EventDate "2013.04.16"]
[EventType "tourn"]
[EventRounds "11"]
[EventCountry "CHN"]
[EventCategory "3"]
[SourceTitle "CBM 154 Extra"]
[Source "ChessBase"]
[SourceDate "2013.06.25"]
[SourceVersion "2"]
[SourceVersionDate "2013.06.25"]
[SourceQuality "1"]

1. e4 c5 2. Nf3 Nc6 3. Bb5 e6 4. Bxc6 bxc6 5. d3 Ne7 6. Qe2 Ng6 7. e5 Be7 8. 0-0 f6 9. Nc3 0-0 10. exf6 Bxf6 11. Ne4 Be7 12. Bg5 e5 13. Qe3 d6 14. Bxe7 Qxe7 15. Qg5 Qe6 16. Rfe1 h6 17. Qg3 Nf4 18. Nfd2 Qe7 19. b3 Bd7 20. Qe3 Nd5 21. Qg3 Nf4 22. Qe3 Nd5 23. Qe2 Nf4 24. Qe3 Nd5 25. Qe2 Nf4 26. Qe3 Nd5 27. Qg3 Nf4 28. a4 Kh7 29. Qe3 Nd5 30. Qe2 Nf4 31. Qe3 Nd5 32. Qe2 Nf4 33. Qe3 Nd5 1/2-1/2

[Event "CHN-ch (Women)"]
[Site "Xinghua"]
[Date "2013.04.20"]
[Round "5"]
[White "Li, Xueyi"]
[Black "Kuang, Yinghui"]
[Result "1/2-1/2"]
[WhiteElo "2135"]
[BlackElo "2212"]
[PlyCount "62"]
[EventDate "2013.04.16"]
[EventType "tourn"]
[EventRounds "11"]
[EventCountry "CHN"]
[EventCategory "3"]
[SourceTitle "CBM 154 Extra"]
[Source "ChessBase"]
[SourceDate "2013.06.25"]
[SourceVersion "2"]
[SourceVersionDate "2013.06.25"]
[SourceQuality "1"]

1. d4 d5 2. c4 e6 3. Nc3 Nf6 4. Nf3 Be7 5. Bg5 0-0 6. e3 Ne4 7. Bxe7 Qxe7 8. Bd3 Nxc3 9. bxc3 dxc4 10. Bxc4 Nd7 11. 0-0 e5 12. Nxe5 Nxe5 13. dxe5 Qxe5 14. Qd4 Qe7 15. Rad1 h6 16. Bd3 c6 17. Qe4 Qxe4 18. Bxe4 Be6 19. a3 Rfd8 20. Rd4 Rxd4 21. cxd4 Rd8 22. Rb1 Rd7 23. Kf1 Kf8 24. Ke1 Ke7 25. h4 Kd6 26. g3 Ba2 27. Rb2 Bd5 28. Bf5 Be6 29. Be4 Bd5 30. Bf5 Be6 31. Be4 Bd5 1/2-1/2